[Event "Faroes Open 2018"]
[Site "Sandavagur"]
[Date "2018.07.09"]
[Round "3"]
[White "Nilssen, John Arni"]
[Black "Haubro, Siv"]
[Result "1-0"]
[WhiteElo "2301"]
[BlackElo "1780"]
[Annotator "NA"]
[PlyCount "32"]
[EventDate "2018.07.07"]
[EventType "swiss"]
[EventCountry "FAI"]
[SourceTitle "playchess.com"]
[Source "ChessBase"]
[SourceQuality "1"]
[TimeControl "40/5400+30:900+30"]

1. c4 {[%emt 0:00:00]} f5 {[%emt 0:02:05]} 2. g3 {[%emt 0:00:26]} Nf6 {[%emt 0:00:10]} 3. Bg2 {[%emt 0:00:12]} c6 {[%emt 0:02:17]} 4. Nc3 {[%emt 0:04:26]} e6 {[%emt 0:00:46]} 5. d4 {[%emt 0:00:38]} d5 {[%emt 0:01:08]} 6. Nf3 {[%emt 0:00:07]} Be7 {[%emt 0:02:32]} 7. O-O {[%emt 0:02:52]} O-O {[%emt 0:01:39]} 8. Bf4 {[%emt 0:06:12]} Ne4 {[%emt 0:02:59]} 9. Qc2 {[%emt 0:03:17]} Nd7 {[%emt 0:01:19]} 10. Rad1 {[%emt 0:02:38]} Ndf6 {[%emt 0:04:50]} 11. Ne5 {[%emt 0:02:10]} Nh5 {[%emt 0:12:20]} 12. Bc1 {[%emt 0:04:19]} Bd6 {[%emt 0:11:36]} 13. e3 {[%emt 0:10:17]} Bd7 {[%emt 0:10:37]} 14. Ne2 {[%emt 0:06:44]} Qc7 {[%emt 0:09:54]} 15. f3 {[%emt 0:08:50]} Ng5 {[%emt 0:10:44]} 16. Nxd7 {[%emt 0:05:24]} Qxd7 {[%emt 0:00:09]} 1-0

[Event "Faroes Open 2018"]
[Site "Sandavagur"]
[Date "2018.07.09"]
[Round "3"]
[White "Simonsen, Hans Kristian"]
[Black "Gregersen, Einar"]
[Result "1/2-1/2"]
[WhiteElo "2150"]
[BlackElo "1665"]
[Annotator "NA"]
[PlyCount "70"]
[EventDate "2018.07.07"]
[EventType "swiss"]
[EventCountry "FAI"]
[SourceTitle "playchess.com"]
[Source "ChessBase"]
[SourceQuality "1"]
[TimeControl "40/5400+30:900+30"]

1. d4 {[%emt 0:00:00]} Nf6 {[%emt 0:00:00]} 2. c4 {[%emt 0:00:00]} g6 {[%emt 0:00:00]} 3. f3 {[%emt 0:00:00]} Bg7 {[%emt 0:00:05]} 4. e4 {[%emt 0:00:01]} d6 {[%emt 0:00:05]} 5. Nc3 {[%emt 0:00:08]} O-O {[%emt 0:00:26]} 6. Nge2 {[%emt 0:00:09]} e5 {[%emt 0:01:42]} 7. Bg5 {[%emt 0:00:47]} Nc6 {[%emt 0:02:18]} 8. d5 {[%emt 0:03:00]} Ne7 {[%emt 0:00:54]} 9. Qd2 {[%emt 0:00:12]} Ne8 {[%emt 0:05:10]} 10. g4 {[%emt 0:02:22]} f6 {[%emt 0:03:56]} 11. Bh6 {[%emt 0:06:39]} g5 {[%emt 0:01:55]} 12. Bxg7 {[%emt 0:00:12]} Kxg7 {[%emt 0:01:16]} 13. h4 {[%emt 0:00:18]} h6 {[%emt 0:06:52]} 14. Ng3 {[%emt 0:00:44]} Ng6 {[%emt 0:01:32]} 15. hxg5 {[%emt 0:00:54]} fxg5 {[%emt 0:02:20]} 16. Nf5+ {[%emt 0:03:20]} Bxf5 {[%emt 0:00:07]} 17. gxf5 {[%emt 0:00:06]} Nf4 {[%emt 0:06:25]} 18. O-O-O {[%emt 0:01:16]} Nf6 {[%emt 0:04:04]} 19. Ne2 {[%emt 0:02:51]} N6h5 {[%emt 0:02:07]} 20. Nc3 {[%emt 0:04:52]} Rh8 {[%emt 0:03:05]} 21. Kb1 {[%emt 0:02:29]} Kf6 {[%emt 0:06:34]} 22. Rc1 {[%emt 0:01:34]} Qd7 {[%emt 0:06:57]} 23. Nd1 {[%emt 0:03:07]} b6 {[%emt 0:08:56]} 24. Qh2 {[%emt 0:02:47]} a5 {[%emt 0:02:58]} 25. Ne3 {[%emt 0:01:35]} Rag8 {[%emt 0:03:43]} 26. Qg1 {[%emt 0:00:49]} Qe8 {[%emt 0:02:49]} 27. Rc2 {[%emt 0:00:25]} Rg7 {[%emt 0:03:48]} 28. Rch2 {[%emt 0:00:37]} Rgh7 {[%emt 0:00:55]} 29. Ng4+ {[%emt 0:05:27]} Kg7 {[%emt 0:01:51]} 30. f6+ {[%emt 0:00:44]} Nxf6 {[%emt 0:06:35]} 31. Ne3 {[%emt 0:00:12]} Kg6 {[%emt 0:03:41]} 32. Bh3 {[%emt 0:02:59]} Nxh3 {[%emt 0:01:16]} 33. Rxh3 {[%emt 0:00:09]} Qd7 {[%emt 0:01:17]} 34. Nf5 {[%emt 0:00:35]} Ng8 {[%emt 0:01:23]} 35. Rg3 {[%emt 0:04:18]} Ne7 {[%emt 0:01:12]} 1/2-1/2

[Event "Faroes Open 2018"]
[Site "Sandavagur"]
[Date "2018.07.09"]
[Round "3"]
[White "Spiesberger, Gerhard"]
[Black "Jotic, Vladimir"]
[Result "0-1"]
[WhiteElo "2043"]
[BlackElo "2387"]
[Annotator "NA"]
[PlyCount "116"]
[EventDate "2018.07.07"]
[EventType "swiss"]
[EventCountry "FAI"]
[SourceTitle "playchess.com"]
[Source "ChessBase"]
[SourceQuality "1"]
[TimeControl "40/5400+30:900+30"]

1. d4 {[%emt 0:00:26]} Nf6 {[%emt 0:00:00]} 2. Nc3 {[%emt 0:00:16]} c5 {[%emt 0:00:18]} 3. e3 {[%emt 0:01:35]} d5 {[%emt 0:00:54]} 4. Nf3 {[%emt 0:00:38]} Nc6 {[%emt 0:00:33]} 5. Bb5 {[%emt 0:01:06]} e6 {[%emt 0:09:27]} 6. O-O {[%emt 0:05:47] D00: 1 d4 d5: Unusual lines} Bd6 {[%emt 0:01:34]} (6... Bd7 7. b3 cxd4 8. exd4 a6 9. Bd3 Bd6 10. Ne2 O-O 11. Bf4 Bxf4 12. Nxf4 Qc7 13. Qd2 Rfe8 {½-½ (45) Hering,H (2274)-De la Rosa Solorzano,J (2241) ICCF email 2016}) 7. Re1 {[%emt 0:01:35]} O-O {[%emt 0:01:20]} 8. Bxc6 {[%emt 0:00:27]} bxc6 {[%emt 0:00:02]} 9. e4 {[%emt 0:01:12]} cxd4 {[%emt 0:04:17]} 10. Qxd4 $146 {[%emt 0:03:35] [#]} ({Predecessor:} 10. Nxd4 c5 11. Nf3 dxe4 12. Nxe4 Nxe4 13. Rxe4 Bxh2+ {0-1 (13) Zukan,J (1088)-Fetisov,I (1503) LSS email 2009}) 10... e5 $1 {[%emt 0:02:47]} 11. Qd3 {[%emt 0:19:22]} d4 {[%emt 0:03:21]} 12. Ne2 {[%emt 0:02:53]} Nd7 {[%emt 0:06:26]} 13. Ng3 {[%emt 0:04:08]} g6 {[%emt 0:10:06]} 14. Bh6 {[%emt 0:06:31]} Re8 {[%emt 0:01:31]} 15. Ng5 {[%emt 0:04:31]} Nc5 {[%emt 0:03:59]} 16. Qe2 {[%emt 0:03:19]} Ne6 {[%emt 0:13:31]} 17. Nxe6 {[%emt 0:13:45]} Bxe6 {[%emt 0:03:05]} 18. Qd2 {[%emt 0:04:01]} Rb8 {[%emt 0:05:09]} 19. Qc1 {[%emt 0:03:09]} Bf8 {[%emt 0:10:49]} 20. Bxf8 {[%emt 0:00:50]} Rxf8 {[%emt 0:00:02]} 21. b3 {[%emt 0:05:17]} h5 {[%emt 0:11:24]} 22. Qh6 {[%emt 0:06:29]} h4 {[%emt 0:00:22]} 23. Nf1 {[%emt 0:01:04]} Qf6 {[%emt 0:03:21]} 24. Nd2 {[%emt 0:02:02]} h3 {[%emt 0:00:13]} 25. Nf3 {[%emt 0:02:03]} hxg2 {[%emt 0:00:53]} 26. Ng5 {[%emt 0:02:08]} Rfe8 {[%emt 0:01:54]} 27. Rad1 {[%emt 0:02:15]} Qg7 {[%emt 0:00:32]} 28. Qh4 {[%emt 0:01:25]} Bd7 {[%emt 0:00:18]} 29. Rd3 {[%emt 0:00:31]} f6 {[%emt 0:00:21]} 30. Nf3 {[%emt 0:01:42]} c5 {[%emt 0:00:51]} 31. Nd2 {[%emt 0:00:21]} g5 {[%emt 0:00:58]} 32. Qh5 {[%emt 0:00:29]} Qh7 {[%emt 0:00:48]} 33. Qxh7+ {[%emt 0:00:33]} Kxh7 {[%emt 0:00:01]} 34. Kxg2 {[%emt 0:00:34]} Kg6 {[%emt 0:00:13]} 35. Nf1 {[%emt 0:00:24]} Rh8 {[%emt 0:01:52]} 36. c3 {[%emt 0:00:36]} Rh4 {[%emt 0:00:32]} 37. cxd4 cxd4 {[%emt 0:00:06]} 38. Ng3 {[%emt 0:01:07]} Rc8 {[%emt 0:00:55]} 39. Rdd1 {[%emt 0:00:18]} Rc2 {[%emt 0:02:41]} 40. Re2 {[%emt 0:00:28]} Rxe2 {[%emt 0:00:12]} 41. Nxe2 {[%emt 0:15:20]} Rxe4 {[%emt 0:15:15]} 42. Ng3 {[%emt 0:00:42]} Rh4 {[%emt 0:01:00]} 43. Rc1 {[%emt 0:00:24]} Be6 {[%emt 0:00:56]} 44. f3 {[%emt 0:00:46]} g4 {[%emt 0:01:21]} 45. fxg4 {[%emt 0:00:00]} Bd5+ {[%emt 0:00:00]} 46. Kg1 {[%emt 0:00:00]} Rxg4 {[%emt 0:00:00]} 47. Rc5 {[%emt 0:00:00]} Bf7 {[%emt 0:00:00]} 48. Kf2 {[%emt 0:00:00]} Rf4+ {[%emt 0:00:00]} 49. Ke2 {[%emt 0:00:00]} Rh4 {[%emt 0:00:00]} 50. Nf1 {[%emt 0:00:00]} Kg5 {[%emt 0:00:00]} 51. Rc7 {[%emt 0:00:00]} Bh5+ {[%emt 0:00:00]} 52. Kd2 {[%emt 0:00:00]} a5 {[%emt 0:00:00]} 53. Ra7 {[%emt 0:00:00]} Rf4 {[%emt 0:00:00]} 54. Rg7+ {[%emt 0:00:00]} Kh6 {[%emt 0:00:00]} 55. Ng3 {[%emt 0:00:00]} Bg6 {[%emt 0:00:00]} 56. Rg8 {[%emt 0:00:00]} e4 {[%emt 0:00:00]} 57. Ne2 {[%emt 0:00:00]} e3+ {[%emt 0:00:00]} 58. Ke1 {[%emt 0:00:00]} Rh4 $19 {[%emt 0:00:00]} (58... Rf2 $142 59. Rxg6+ Kxg6 60. Nxd4 Rxh2) 0-1

[Event "Faroes Open 2018"]
[Site "Sandavagur"]
[Date "2018.07.09"]
[Round "3"]
[White "Esteve Sanchez, Sergio"]
[Black "Tummasarson, Flóvin Matras"]
[Result "1-0"]
[WhiteElo "1994"]
[BlackElo "1237"]
[Annotator "NA"]
[PlyCount "55"]
[EventDate "2018.07.07"]
[EventType "swiss"]
[EventCountry "FAI"]
[SourceTitle "playchess.com"]
[Source "ChessBase"]
[SourceQuality "1"]
[TimeControl "40/5400+30:900+30"]

1. f4 {[%emt 0:00:00]} d5 {[%emt 0:00:00]} 2. Nf3 {[%emt 0:00:00]} Nc6 {[%emt 0:00:39]} 3. e3 {[%emt 0:00:00]} Bf5 {[%emt 0:01:10]} 4. Bb5 {[%emt 0:00:18]} Nf6 {[%emt 0:02:02]} 5. b3 {[%emt 0:00:40]} a6 {[%emt 0:02:07]} 6. Bxc6+ {[%emt 0:00:12]} bxc6 {[%emt 0:00:13]} 7. Bb2 {[%emt 0:00:36]} e6 {[%emt 0:01:04]} 8. Ne5 {[%emt 0:03:32]} c5 {[%emt 0:03:49]} 9. d3 {[%emt 0:01:12]} Bd6 {[%emt 0:01:42]} 10. Nd2 {[%emt 0:09:08]} Bxe5 {[%emt 0:07:43]} 11. Bxe5 {[%emt 0:04:38]} O-O {[%emt 0:05:47]} 12. Nf3 {[%emt 0:08:08]} Ng4 {[%emt 0:13:27]} 13. Qe2 {[%emt 0:10:35]} Nxe5 {[%emt 0:04:34]} 14. fxe5 {[%emt 0:01:34]} Bg4 {[%emt 0:02:41]} 15. O-O {[%emt 0:00:20]} f6 {[%emt 0:05:54]} 16. exf6 {[%emt 0:01:41]} Rxf6 {[%emt 0:02:52]} 17. h3 {[%emt 0:03:17]} Bh5 {[%emt 0:03:32]} 18. Rf2 {[%emt 0:04:53]} Qd6 {[%emt 0:03:27]} 19. Raf1 {[%emt 0:15:01]} Qg3 {[%emt 0:08:42]} 20. e4 {[%emt 0:01:25]} Raf8 {[%emt 0:08:26]} 21. exd5 {[%emt 0:07:35]} exd5 {[%emt 0:02:48]} 22. Qe5 {[%emt 0:02:02]} Qxe5 {[%emt 0:07:45]} 23. Nxe5 {[%emt 0:00:07]} Rxf2 {[%emt 0:02:30]} 24. Rxf2 {[%emt 0:00:10]} Re8 {[%emt 0:00:34]} 25. Nd7 {[%emt 0:02:21]} h6 {[%emt 0:01:11]} 26. Nxc5 {[%emt 0:01:19]} Re1+ {[%emt 0:00:56]} 27. Kh2 {[%emt 0:00:28]} Rc1 {[%emt 0:02:28]} 28. Nxa6 {[%emt 0:02:42]} 1-0

[Event "Faroes Open 2018"]
[Site "Sandavagur"]
[Date "2018.07.09"]
[Round "3"]
[White "Fjallheim, Leif Reinert"]
[Black "Nilssen, Ellen Fredericia"]
[Result "0-1"]
[WhiteElo "1886"]
[BlackElo "2152"]
[Annotator "NA"]
[PlyCount "116"]
[EventDate "2018.07.07"]
[EventType "swiss"]
[EventCountry "FAI"]
[SourceTitle "playchess.com"]
[Source "ChessBase"]
[SourceQuality "1"]
[TimeControl "40/5400+30:900+30"]

1. e4 {[%emt 0:00:38]} e6 {[%emt 0:00:00]} 2. d4 {[%emt 0:00:49]} d5 {[%emt 0:00:00]} 3. Nd2 {[%emt 0:01:10]} Be7 {[%emt 0:00:00]} 4. Bd3 {[%emt 0:01:03]} c5 {[%emt 0:00:00]} 5. dxc5 {[%emt 0:01:34]} Nf6 {[%emt 0:01:42]} 6. Qe2 {[%emt 0:00:56]} a5 {[%emt 0:13:58] C03: French Tarrasch: Unusual Black 3rd moves} (6... O-O 7. Ngf3 a5 8. O-O Na6 9. e5 Nd7 10. c4 Ndxc5 11. Bb1 d4 12. Rd1 d3 13. Qe3 b6 14. Ne1 Bb7 15. Nxd3 {½-½ (57) Liang,A (2552)-So,W (2786) Saint Louis 2018}) 7. Ngf3 {[%emt 0:03:46]} Na6 {[%emt 0:03:54]} 8. e5 {[%emt 0:12:45]} Nd7 {[%emt 0:03:51]} 9. c3 {[%emt 0:04:14]} Naxc5 {[%emt 0:05:07]} 10. Bc2 {[%emt 0:02:48]} b6 {[%emt 0:09:40]} 11. Nd4 $146 {[%emt 0:07:16]} ({Predecessor:} 11. O-O Ba6 12. c4 dxc4 13. Nxc4 {½-½ (56) Peiris,T (2099)-Cordes,H (2250) London 2015}) 11... Ba6 {[%emt 0:05:28]} 12. Qe3 {[%emt 0:07:05]} Bb7 {[%emt 0:20:32]} 13. Qg3 {[%emt 0:11:59]} g6 {[%emt 0:06:14]} 14. h4 {[%emt 0:05:16]} Qc7 {[%emt 0:09:24]} 15. Nb5 {[%emt 0:05:30]} Qxe5+ {[%emt 0:01:11]} 16. Qxe5 {[%emt 0:01:15]} Nxe5 {[%emt 0:00:02]} 17. Nc7+ {[%emt 0:02:23]} Kd7 {[%emt 0:00:05]} 18. Nxa8 {[%emt 0:01:06]} Rxa8 {[%emt 0:00:16]} 19. Nf3 {[%emt 0:05:28]} Ned3+ {[%emt 0:05:08]} 20. Kf1 {[%emt 0:04:05]} Ba6 {[%emt 0:02:19]} 21. Kg1 {[%emt 0:01:21]} h5 {[%emt 0:01:25]} 22. Rb1 {[%emt 0:04:37]} Nxc1 {[%emt 0:02:57]} 23. Rxc1 {[%emt 0:00:01]} Ke8 {[%emt 0:00:22]} 24. Kh2 {[%emt 0:03:42]} Nd3 {[%emt 0:02:39]} 25. Bxd3 {[%emt 0:01:39]} Bxd3 {[%emt 0:00:01]} 26. Rhe1 {[%emt 0:01:48]} Rc8 {[%emt 0:02:25]} 27. Re3 {[%emt 0:02:03]} Be4 {[%emt 0:01:48]} 28. Nd2 {[%emt 0:01:51]} Bc5 {[%emt 0:00:27]} 29. Rh3 {[%emt 0:05:00]} Bf5 {[%emt 0:02:11]} 30. Rf3 {[%emt 0:00:31]} Bg4 {[%emt 0:00:27]} 31. Rd3 {[%emt 0:00:55]} Bf5 {[%emt 0:00:29]} 32. Rf3 {[%emt 0:00:09]} Bg4 {[%emt 0:00:01]} 33. Rd3 {[%emt 0:00:09]} Bxf2 {[%emt 0:00:27]} 34. Nf3 {[%emt 0:01:25]} Bxf3 {[%emt 0:01:09]} 35. Rxf3 {[%emt 0:00:29]} Bxh4 {[%emt 0:00:06]} 36. Rcf1 {[%emt 0:00:40]} f6 {[%emt 0:01:06]} 37. g3 {[%emt 0:00:30]} Bg5 {[%emt 0:00:03]} 38. Re1 {[%emt 0:00:19]} Kd7 {[%emt 0:01:09]} 39. Kg2 {[%emt 0:00:42]} h4 {[%emt 0:00:45]} 40. gxh4 {[%emt 0:00:30]} Bxh4 {[%emt 0:00:03]} 41. Rh1 {[%emt 0:15:15]} Bg5 {[%emt 0:03:14]} 42. Rh7+ {[%emt 0:00:00]} Kd6 {[%emt 0:00:46]} 43. Rg7 {[%emt 0:00:00]} Rc4 {[%emt 0:03:48]} 44. Rxg6 {[%emt 0:00:00]} Re4 {[%emt 0:02:28]} 45. Rg8 $11 {[%emt 0:00:00]} Ke5 {[%emt 0:01:56]} 46. Rb8 {[%emt 0:00:00]} Be3 {[%emt 0:00:36]} 47. Rf1 {[%emt 0:00:29]} Bc5 {[%emt 0:01:56]} 48. Rb1 {[%emt 0:01:29]} a4 {[%emt 0:01:21]} 49. b4 {[%emt 0:01:14]} axb3 {[%emt 0:00:24]} 50. axb3 {[%emt 0:00:01]} Re2+ {[%emt 0:00:52]} 51. Kf1 {[%emt 0:01:29]} Rf2+ {[%emt 0:01:38]} 52. Ke1 {[%emt 0:00:03]} Rg2 {[%emt 0:00:16]} 53. Rd1 {[%emt 0:00:39]} Ke4 {[%emt 0:00:54]} 54. Rd2 {[%emt 0:01:20]} Rg1+ {[%emt 0:01:13]} 55. Ke2 {[%emt 0:00:01]} Rh1 {[%emt 0:00:36]} 56. Rg8 {[%emt 0:00:59]} f5 {[%emt 0:00:34]} 57. Rg2 {[%emt 0:00:28]} f4 {[%emt 0:00:22]} 58. Rd1 {[%emt 0:00:34]} f3+ {[%emt 0:00:13]} 0-1

[Event "Faroes Open 2018"]
[Site "Sandavagur"]
[Date "2018.07.09"]
[Round "3"]
[White "Olsen, Kaj"]
[Black "Petersen, Gutti"]
[Result "1-0"]
[WhiteElo "1696"]
[BlackElo "1596"]
[Annotator "NA"]
[PlyCount "99"]
[EventDate "2018.07.07"]
[EventType "swiss"]
[EventCountry "FAI"]
[SourceTitle "playchess.com"]
[Source "ChessBase"]
[SourceQuality "1"]
[TimeControl "40/5400+30:900+30"]

1. e4 {[%emt 0:00:00]} e6 {[%emt 0:01:48]} 2. d4 {[%emt 0:00:00]} d5 {[%emt 0:00:06]} 3. Nc3 {[%emt 0:00:00]} Nf6 {[%emt 0:00:20]} 4. Bg5 {[%emt 0:00:01]} Be7 {[%emt 0:00:22]} 5. e5 {[%emt 0:00:08]} Nfd7 {[%emt 0:00:02]} 6. Bxe7 {[%emt 0:00:12]} Qxe7 {[%emt 0:00:49]} 7. f4 {[%emt 0:04:34]} Nb6 {[%emt 0:06:10]} 8. Nf3 {[%emt 0:02:49]} a6 {[%emt 0:04:06]} 9. Be2 {[%emt 0:06:01]} c5 {[%emt 0:02:44]} 10. Qd2 {[%emt 0:03:21]} Nc6 {[%emt 0:04:04]} 11. g3 {[%emt 0:01:56]} Bd7 {[%emt 0:04:05]} 12. Qe3 {[%emt 0:04:22]} cxd4 {[%emt 0:03:15]} 13. Nxd4 {[%emt 0:00:58]} Qc5 {[%emt 0:00:24]} 14. O-O-O {[%emt 0:01:54]} Rc8 {[%emt 0:02:34]} 15. Qg1 {[%emt 0:03:46]} Na5 {[%emt 0:05:25]} 16. Nb3 {[%emt 0:03:21]} Nxb3+ {[%emt 0:05:59]} 17. axb3 {[%emt 0:00:21]} Qc6 {[%emt 0:01:16]} 18. Bd3 {[%emt 0:05:45]} Qc7 {[%emt 0:01:06]} 19. Qf2 {[%emt 0:03:17]} g6 {[%emt 0:03:18]} 20. h4 {[%emt 0:01:09]} h5 {[%emt 0:03:01]} 21. Rdg1 {[%emt 0:03:57]} Qc5 {[%emt 0:00:14]} 22. Qxc5 {[%emt 0:01:17]} Rxc5 {[%emt 0:01:31]} 23. g4 {[%emt 0:00:01]} Ke7 {[%emt 0:01:19]} 24. gxh5 {[%emt 0:01:00]} Rxh5 {[%emt 0:01:19]} 25. Rg5 {[%emt 0:00:55]} Rxg5 {[%emt 0:05:24]} 26. hxg5 {[%emt 0:00:14]} Rc8 {[%emt 0:00:51]} 27. Rh7 {[%emt 0:07:05]} Rg8 {[%emt 0:06:22]} 28. Kd2 {[%emt 0:00:53]} Bc6 {[%emt 0:01:10]} 29. Ke3 {[%emt 0:01:04]} Nd7 {[%emt 0:03:11]} 30. Ne2 {[%emt 0:02:00]} Nf8 {[%emt 0:03:40]} 31. Rh2 {[%emt 0:00:28]} Rg7 {[%emt 0:04:32]} 32. Nd4 {[%emt 0:01:20]} Kd7 {[%emt 0:00:12]} 33. Rh8 {[%emt 0:02:34]} Ke7 {[%emt 0:00:22]} 34. Nxc6+ {[%emt 0:00:14]} bxc6 {[%emt 0:00:01]} 35. Bxa6 {[%emt 0:00:17]} Rh7 {[%emt 0:01:11]} 36. Rxh7 {[%emt 0:00:16]} Nxh7 {[%emt 0:00:02]} 37. Bb7 {[%emt 0:00:21]} c5 {[%emt 0:02:06]} 38. b4 {[%emt 0:00:58]} cxb4 {[%emt 0:00:38]} 39. Kd4 {[%emt 0:00:14]} Kd7 {[%emt 0:00:29]} 40. Kc5 {[%emt 0:00:09]} Kc7 {[%emt 0:02:00]} 41. Bc6 {[%emt 0:15:15]} Kd8 {[%emt 0:17:32]} 42. Kxb4 {[%emt 0:00:14]} Nf8 {[%emt 0:00:11]} 43. Kc5 {[%emt 0:00:22]} Nd7+ {[%emt 0:05:31]} 44. Bxd7 {[%emt 0:00:12]} Kxd7 {[%emt 0:00:21]} 45. b4 {[%emt 0:00:06]} Kc7 {[%emt 0:00:20]} 46. b5 {[%emt 0:00:11]} Kb7 {[%emt 0:00:33]} 47. b6 {[%emt 0:00:12]} Kb8 {[%emt 0:00:33]} 48. Kc6 {[%emt 0:00:14]} Kc8 {[%emt 0:00:44]} 49. b7+ {[%emt 0:00:04]} Kb8 {[%emt 0:00:03]} 50. c3 {[%emt 0:00:28]} 1-0

[Event "Faroes Open 2018"]
[Site "Sandavagur"]
[Date "2018.07.09"]
[Round "3"]
[White "Joensen, Hans Petur"]
[Black "Fjallheim, Benjamin Reinert"]
[Result "1-0"]
[WhiteElo "1627"]
[BlackElo "1375"]
[Annotator "NA"]
[PlyCount "87"]
[EventDate "2018.07.07"]
[EventType "swiss"]
[EventCountry "FAI"]
[SourceTitle "playchess.com"]
[Source "ChessBase"]
[SourceQuality "1"]
[TimeControl "40/5400+30:900+30"]

1. e4 {[%emt 0:00:00]} e5 {[%emt 0:00:29]} 2. Nf3 {[%emt 0:00:19]} Nc6 {[%emt 0:00:50]} 3. Bc4 {[%emt 0:00:41]} Bc5 {[%emt 0:00:49]} 4. O-O {[%emt 0:00:44]} Nf6 {[%emt 0:01:30]} 5. d3 {[%emt 0:00:42]} d6 {[%emt 0:00:36]} 6. Bg5 {[%emt 0:01:21]} h6 {[%emt 0:01:09]} 7. Bh4 {[%emt 0:01:31]} g5 {[%emt 0:27:02]} 8. Bg3 {[%emt 0:00:09]} Bg4 {[%emt 0:00:47]} 9. c3 {[%emt 0:00:56]} Nh5 {[%emt 0:02:28]} 10. Nbd2 {[%emt 0:05:10]} Ne7 {[%emt 0:01:36]} 11. b4 {[%emt 0:01:59]} Bb6 {[%emt 0:00:10]} 12. Qb3 {[%emt 0:00:47]} Rf8 {[%emt 0:01:28]} 13. a4 {[%emt 0:03:59]} a6 {[%emt 0:02:28]} 14. d4 {[%emt 0:02:46]} f5 {[%emt 0:00:54]} 15. exf5 {[%emt 0:07:39]} d5 {[%emt 0:04:12]} 16. Bxe5 {[%emt 0:01:42]} dxc4 {[%emt 0:00:53]} 17. Qxc4 {[%emt 0:00:14]} Bxf5 {[%emt 0:01:33]} 18. Rfe1 {[%emt 0:03:43]} Qd7 {[%emt 0:03:07]} 19. a5 {[%emt 0:03:17]} Ba7 {[%emt 0:00:59]} 20. h3 {[%emt 0:01:20]} Rc8 {[%emt 0:03:46]} 21. g4 {[%emt 0:06:56]} Be6 {[%emt 0:04:21]} 22. Qe2 {[%emt 0:01:20]} Bxg4 {[%emt 0:01:48]} 23. hxg4 {[%emt 0:02:39]} Qxg4+ {[%emt 0:00:17]} 24. Bg3 {[%emt 0:02:01]} Rf7 {[%emt 0:01:35]} 25. Qe6 {[%emt 0:07:12]} Qf5 {[%emt 0:03:16]} 26. Re5 {[%emt 0:07:37]} Qxe6 {[%emt 0:04:43]} 27. Rxe6 {[%emt 0:00:18]} Rf6 {[%emt 0:01:28]} 28. Rae1 {[%emt 0:00:38]} Rxe6 {[%emt 0:00:44]} 29. Rxe6 {[%emt 0:00:09]} Nxg3 {[%emt 0:01:27]} 30. fxg3 {[%emt 0:00:59]} g4 {[%emt 0:02:49]} 31. Ne5 {[%emt 0:01:01]} h5 {[%emt 0:00:26]} 32. Ne4 {[%emt 0:04:04]} b6 {[%emt 0:01:29]} 33. Ng5 {[%emt 0:04:25]} Kf8 {[%emt 0:03:31]} 34. Nd7+ {[%emt 0:05:34]} Ke8 {[%emt 0:01:54]} 35. Nf6+ {[%emt 0:02:15]} Kf8 {[%emt 0:00:54]} 36. Nxh5 {[%emt 0:08:28]} Nd5 {[%emt 0:02:14]} 37. Rc6 {[%emt 0:08:15]} Re8 {[%emt 0:00:53]} 38. Nf6 {[%emt 0:00:40]} Nxf6 {[%emt 0:00:53]} 39. Rxf6+ {[%emt 0:00:10]} Kg7 {[%emt 0:00:42]} 40. Re6 {[%emt 0:02:09]} Rf8 {[%emt 0:01:45]} 41. Rc6 {[%emt 0:17:22]} Re8 {[%emt 0:18:18]} 42. Rxc7+ {[%emt 0:01:02]} Kg6 {[%emt 0:00:18]} 43. Rxa7 {[%emt 0:00:19]} Kxg5 {[%emt 0:00:13] ax} 44. axb6 {[%emt 0:00:28]} 1-0